000 00994nam a2200241 a 4500
001 41335
003 BD-RjUL
005 20211209053352.0
008 160529t19891975ii ||||| |||| 00| 0 ben d
020 _c: Tk. 100.00 (V-4)
035 _a(BD-RjUL) 41452
040 _aBD-RjUL
_bben
_cBD-RjUL
041 _aben
082 _223
_a294.59214
_bYAJ 1989
245 0 0 _aযজুর্বেদ-সংহিতা /
_cবিজনবিহারী গোস্বামী, অনুবাদ ও সম্পাদনা
260 _aকলকাতা :
_bহরফ প্রকাশনী,
_c১৯৭৫ [মুদ্রণ ১৯৮৯]
300 _aখণ্ড ;
_c২২ সেমি.
505 0 _aখণ্ড ৪ (শুল্ক-কৃষ্ণ) ---
650 _aযজুর্বেদ
_9119076
650 _aYajurveda
_9119077
700 _aগোস্বামী, বিজনবিহারী, অনুবাদ ও সম্পাদনা
_9127119
942 _2ddc
_cBK
999 _c41335
_d41335